00342nam a2200169Ia 4500003000900000008004100009040001300050040001300063041000800076100001000084245002800094250001100122260001400133260000900147300001000156490000600166IT-RoPAU120407s9999 xx 000 0 und d aIT-RoPAU cIT-RoPAU aita aEpoca aIl mondo in cui viviamo aMilano aMondadori c1952 c32 cm v1